| 000 | 02330nam0a2200433 4500 | ||
|---|---|---|---|
| 001 | RU\NLR\bibl\65457 | ||
| 005 | 20260407030512.0 | ||
| 010 | _a5-7942-0074-Х | ||
| 035 | _a(NLR Aleph) 000063845 | ||
| 090 |
_a349150 _c349150 |
||
| 100 | _a19991223d1998 |||y0rusy50 ca | ||
| 101 | 0 | _arus | |
| 102 | _aRU | ||
| 105 | _aa ||||||||| | ||
| 135 | _acrcn 024anaba | ||
| 200 | 1 |
_aМосква _eКультуролог. словарь _fФин. акад. при Правительстве Рос. Федерации. Каф. культурологии и психологии делового общения _g[Д.ф.н., проф. Р.П. Трофимова и др. _gНауч. ред. д.ф.н., проф. Р.П. Трофимова] |
|
| 210 |
_aМ. _cФин. акад. _d1998 |
||
| 215 |
_a364 с. _d20 |
||
| 320 | _aБиблиогр.: с. 362-363 | ||
| 325 | 1 | _aКопия доступна в электронной библиотеке РНБ | |
| 607 |
_aМосква, город _jСловари _xИстория _91033510 _3RU\NLR\auth\6679052 |
||
| 686 | _aТ3(2-2М)я2 | ||
| 702 | 1 |
_aТрофимова _bР. П. |
|
| 712 | 0 | 2 |
_4570 _aФинансовая академия _cМосква _bКафедра культурологии и психологии делового общения _3RU\NLR\AUTH\8810012379 _9522547 |
| 801 | 0 |
_aRU _bNLR _c19991223 _gPSBO |
|
| 801 | 1 |
_aRU _bNLR _c19991223 |
|
| 852 |
_aNLR _jС К-2/7849 |
||
| 901 | _eКнижные издания | ||
| 942 | _cBOOK | ||
| 980 | _aNB | ||
| 981 | 2 | 2 |
_a(22) Материалы по истории России _b(22) Территория |
| 981 | 2 | 2 |
_a(22) Материалы по истории России _b(22) Материалы по отдельным регионам |
| 981 | 2 | 2 |
_a(22) Материалы по истории России _b(22) История России с 25 октября (7 ноября) 1917 года |
| 981 | 1 | 3 |
_a(13) Документы, защищенные авторским правом _b(13) Современная научная, научно-популярная и популярная л |